书目信息 |
| 题名: |
20世纪以来中国的世界通史编纂研究
|
|
| 作者: | 曹小文 著 | |
| 分册: | ||
| 出版信息: | 北京 中国社会科学出版社 2015 |
|
| 页数: | 375页 | |
| 开本: | 24cm | |
| 丛书名: | 首都师范大学史学丛书 | |
| 单 册: | ||
| 中图分类: | K062 | |
| 科图分类: | ||
| 主题词: | 世界史--shi jie shi--历史编纂学--研究--中国 | |
| 电子资源: | ||
| ISBN: | 978-7-5161-6721-2 | |
| 000 | 01369nam0 22002891 450 | |
| 001 | 0124140152 | |
| 005 | 20170327111637.39 | |
| 010 | @a978-7-5161-6721-2@dCNY85.00 | |
| 100 | @a20160122d2015 em y0chiy50 ea | |
| 101 | 0 | @achi |
| 102 | @aCN@b110000 | |
| 105 | @ay a 000yy | |
| 106 | @ar | |
| 200 | 1 | @a20世纪以来中国的世界通史编纂研究@920shi ji yi lai zhong guo de shi jie tong shi bian zuan yan jiu@f曹小文著 |
| 210 | @a北京@c中国社会科学出版社@d2015 | |
| 215 | @a375页@d24cm | |
| 225 | 2 | @a首都师范大学史学丛书@9shou du shi fan da xue shi xue cong shu |
| 314 | @a曹小文,北京人,历史学博士,首都师范大学历史学院教师,北京市历史教学研究会理事,主要从事史学理论与史学史、历史教育学与课程教学论研究。 | |
| 320 | @a有书目 (第365-372页) | |
| 330 | @a本书系统地梳理了中国学者的世界通史研究与编纂的发展历程,从史学理论和历史教育相结合的视角,发掘了中国学者在世界历史研究领域中取得的理论成就与学术特色,既是一部深入反省世界史学科发展和经验教训的探索之作,又是一部辨析世界通史研究领域诸思潮,展望中国的世界历史学未来发展路向的创新之作。 | |
| 461 | 0 | @12001 @a首都师范大学史学丛书 |
| 517 | 1 | @a中国的世界通史编纂研究@9zhong guo de shi jie tong shi bian zuan yan jiu |
| 606 | 0 | @a世界史@9shi jie shi@x历史编纂学@x研究@y中国 |
| 690 | @aK062@v5 | |
| 701 | 0 | @a曹小文@9cao xiao wen@4著 |
| 801 | 0 | @aCN@bTANGWEI@c20170308 |
| 905 | @b0961943-5@dK062@e70@f3 | |
| 20世纪以来中国的世界通史编纂研究/曹小文著.-北京:中国社会科学出版社,2015 |
| 375页;24cm.-(首都师范大学史学丛书) |
| ISBN 978-7-5161-6721-2:CNY85.00 |
| 本书系统地梳理了中国学者的世界通史研究与编纂的发展历程,从史学理论和历史教育相结合的视角,发掘了中国学者在世界历史研究领域中取得的理论成就与学术特色,既是一部深入反省世界史学科发展和经验教训的探索之作,又是一部辨析世界通史研究领域诸思潮,展望中国的世界历史学未来发展路向的创新之作。 |
| ● |
| 相关链接 |
|
|
|
|
正题名:20世纪以来中国的世界通史编纂研究
索取号:K062/70
 
预约/预借
| 序号 | 登录号 | 条形码 | 馆藏地/架位号 | 状态 | 备注 |
| 1 | 0961943 | 209619439 | 第二样本阅览室/ [索取号:K062/70] | 在馆 | |
| 2 | 0961944 | 209619448 | 第二借阅区/ [索取号:K062/70] | 在馆 | |
| 3 | 0961945 | 209619457 | 第二借阅区/ [索取号:K062/70] | 在馆 |